Cars - Statistics

General Stats
  • This quiz has been taken 243 times
  • The average score is 27 of 38
Answer Stats
Picture Answer % Correct
Audi
99%
Chevrolet
96%
Bentley
95%
Hyundai
94%
Dodge
93%
Ferrari
93%
Jaguar
93%
Lexus
93%
Mercedes Benz
93%
Toyota
93%
Volkswagen
92%
Porsche
90%
Rolls Royce
90%
Subaru
90%
Infiniti
88%
Mitsubishi
88%
Maserati
87%
Suzuki
87%
Peugeot
86%
Corvette
85%
Skoda
84%
Citroen
83%
Renault
82%
Opel
81%
Seat
78%
Buick
75%
Cadillac
63%
Abarth
61%
Honda
54%
Tata
38%
Chrysler
32%
Scania
27%
Vauxhall
27%
Ssangyong
25%
Daimler
11%
ZAZ
7%
Gordon Keeble
4%
Wolseley
1%
No matching quizzes found
Score Distribution
Percent of People with Each Score
Percentile by Number Answered
Your Score History
You have not taken this quiz